000 00627nam a22002297a 4500
003 UA-OsUOA
001 96768
007 ta
008 20130321b un ||||| |||| 00| 0 ukr d
100 _aМосквин Н.
090 _a821.161.1
_bМ82
942 _cBK
040 _aUA-OsUOA
_brus
_cUA-OsUOA
_dUA-OsUOA
245 _aДень жизни
_bповести, рассказы
300 _a400 с.
955 _a3
041 _arus
080 _a821.161.1
260 _aМ.
_bСоветский писатель
_c1984
650 7 _a82 Література. Літературознавство
_2UDC
999 _c383018
_d383018